|
|
|
|
| LEADER |
00000nnm a2200000 i 4500 |
| 001 |
dolg22524 |
| 005 |
20190827150951.0 |
| 008 |
190517suuuu hu o 000 hun d |
| 040 |
|
|
|a BGE Dolgozattár Repozitórium
|b hun
|
| 041 |
|
|
|a hu
|
| 100 |
1 |
|
|a Kámán Eszter
|
| 245 |
1 |
0 |
|a Fenntarthatóság szerepe az IIR Magyarország Kft. által szervezett felnőttképzési rendezvényeken.
|c Kámán Eszter
|h [elektronikus dokumentum]
|
| 516 |
|
|
|a Project_work
|
| 695 |
|
|
|a FENNTARTHATÓSÁG
|
| 695 |
|
|
|a IIR Magyarország
|
| 700 |
1 |
|
|a Schultz Éva
|e ths
|
| 856 |
4 |
0 |
|u http://dolgozattar.uni-bge.hu/22524/1/Projektmunka.pdf
|z Dokumentum-elérés
|